000 01663cam a22002054a 4500
005 20250605164129.0
008 250528s ||||||||||||||||||||||||d
035 _a18577
020 _a3910052347
040 _aGR-AtMCL
_bgre
_dGR-AtMCL
_eAACR2
245 1 _aThe New Logo / From California
260 _bMadison Square Press,
_c1993
300 _a214
505 0 _aIntroduction, Designs Based on Human Figures, Designs Based on Faces, Designs Based on Eyes, Designs Based on Hands, Designs Based on Animals and Birds, Designs Based on Sea Life, Designs Based on Earth Elements, Designs Based on Growing Things, Designs Based on Food, Designs Based on Architecture, Designs Based on Musical Themes, Designs Based on Objects, Designs Based on Shapes, Designs Based on Signets, Designs Based on Initials, Designs Based on Numbers, Typographic Designs, Design Studio Index, Designer Index, Client Index, Art Director Index, Illustrator Index, Acknowledgements.
520 _aIntroduction, Designs Based on Human Figures, Designs Based on Faces, Designs Based on Eyes, Designs Based on Hands, Designs Based on Animals and Birds, Designs Based on Sea Life, Designs Based on Earth Elements, Designs Based on Growing Things, Designs Based on Food, Designs Based on Architecture, Designs Based on Musical Themes, Designs Based on Objects, Designs Based on Shapes, Designs Based on Signets, Designs Based on Initials, Designs Based on Numbers, Typographic Designs, Design Studio Index, Designer Index, Client Index, Art Director Index, Illustrator Index, Acknowledgements.
700 1 _aRosentswieg Gerry
_94837
942 _cBK
999 _c3926
_d3926